000 00351nam a2200145Ia 4500
008 230312s9999||||xx |||||||||||||| ||und||
020 _a978-81-317-9943
082 _a621.58
_bHIM-D
100 _aDavis,Guy
245 0 _aWindows 10 Tips and Tricks
260 _bPearson
_aIndia
_c2013
300 _a1073
650 _aComputer
_vComputer
942 _cBK
999 _c15787
_d15787